| 000 -LEADER |
| fixed length control field |
03732cas a2200757 a 4500 |
| 001 - CONTROL NUMBER |
| control field |
11156631 |
| 003 - CONTROL NUMBER IDENTIFIER |
| control field |
OSt |
| 005 - DATE AND TIME OF LATEST TRANSACTION |
| control field |
20170303120838.0 |
| 008 - FIXED-LENGTH DATA ELEMENTS--GENERAL INFORMATION |
| fixed length control field |
741224c19649999dcuqr p 0 a0eng |
| 010 ## - LIBRARY OF CONGRESS CONTROL NUMBER |
| LC control number |
64009479 |
| Canceled/invalid LC control number |
sn 80001866 |
| 016 7# - NATIONAL BIBLIOGRAPHIC AGENCY CONTROL NUMBER |
| Record control number |
9886967 |
| Source |
DNLM |
| 016 7# - NATIONAL BIBLIOGRAPHIC AGENCY CONTROL NUMBER |
| Record control number |
SR0076053 |
| Source |
DNLM |
| 016 7# - NATIONAL BIBLIOGRAPHIC AGENCY CONTROL NUMBER |
| Record control number |
010489251 |
| Source |
Uk |
| 022 0# - INTERNATIONAL STANDARD SERIAL NUMBER |
| International Standard Serial Number |
0022-0655 |
| ISSN-L |
0022-0655 |
| Source |
2 |
| 030 ## - CODEN DESIGNATION |
| CODEN |
JEDMAA |
| 032 ## - POSTAL REGISTRATION NUMBER |
| Postal registration number |
279720 |
| Source agency assigning number |
USPS |
| 035 ## - SYSTEM CONTROL NUMBER |
| System control number |
(OCoLC)ocm01783080 |
| 037 ## - SOURCE OF ACQUISITION |
| Source of stock number/acquisition |
Journal of Educational Measurement, National Council on Measurement in Education, 1230 17th Str., N.W., Washington, D.C. 20036 |
| 040 ## - CATALOGING SOURCE |
| Original cataloging agency |
DLC |
| Language of cataloging |
eng |
| Transcribing agency |
DLC |
| Modifying agency |
OCL |
| -- |
NSD |
| -- |
DLC |
| -- |
NSD |
| -- |
OCL |
| -- |
DLC |
| -- |
AIP |
| -- |
NSD |
| -- |
AIP |
| -- |
NSD |
| -- |
DLC |
| -- |
OCL |
| -- |
DLC |
| -- |
NSD |
| -- |
MUL |
| -- |
NST |
| -- |
OCL |
| -- |
IUL |
| -- |
NST |
| -- |
OCL |
| -- |
OCLCQ |
| -- |
NLM |
| -- |
OCLCQ |
| -- |
UMC |
| -- |
EYM |
| -- |
HUL |
| -- |
NLGGC |
| -- |
CDS |
| -- |
LVB |
| -- |
UQ1 |
| -- |
OCLCQ |
| -- |
UKMGB |
| -- |
OCLCO |
| -- |
OCLCQ |
| -- |
DLC |
| -- |
OCLCF |
| -- |
OCLCO |
| -- |
PB3 |
| 042 ## - AUTHENTICATION CODE |
| Authentication code |
pcc |
| -- |
nsdp |
| 050 00 - LIBRARY OF CONGRESS CALL NUMBER |
| Classification number |
LB1131.A1 |
| Item number |
N32 |
| 082 04 - DEWEY DECIMAL CLASSIFICATION NUMBER |
| Classification number |
371.2/6/05 |
| 210 0# - ABBREVIATED TITLE |
| Abbreviated title |
J. educ. meas. |
| 222 #0 - KEY TITLE |
| Key title |
Journal of educational measurement |
| 245 00 - TITLE STATEMENT |
| Title |
Journal of educational measurement. |
| 246 30 - VARYING FORM OF TITLE |
| Title proper/short title |
JEM |
| 260 ## - PUBLICATION, DISTRIBUTION, ETC. (IMPRINT) |
| Place of publication, distribution, etc. |
[East Lansing, Mich.] : |
| Name of publisher, distributor, etc. |
National Council on Measurement in Education |
| 300 ## - PHYSICAL DESCRIPTION |
| Extent |
v. ; |
| Dimensions |
26 cm. |
| 310 ## - CURRENT PUBLICATION FREQUENCY |
| Current publication frequency |
Quarterly |
| 362 1# - DATES OF PUBLICATION AND/OR SEQUENTIAL DESIGNATION |
| Dates of publication and/or sequential designation |
Began with: Vol. 1 in June 1964. |
| 500 ## - GENERAL NOTE |
| General note |
Published: Washington, D.C., <1986-> |
| 530 ## - ADDITIONAL PHYSICAL FORM AVAILABLE NOTE |
| Additional physical form available note |
Also issued online. |
| 550 ## - ISSUING BODY NOTE |
| Issuing body note |
Official publication of: National Council on Measurement in Education. |
| 588 ## - SOURCE OF DESCRIPTION NOTE |
| Source of description note |
Description based on: Vol. 14, no. 4 (winter 1977); title from cover. |
| 590 ## - LOCAL NOTE (RLIN) |
| Local note |
SERBIB/SERLOC merged record |
| 650 #0 - SUBJECT ADDED ENTRY--TOPICAL TERM |
| Topical term or geographic name as entry element |
Educational tests and measurements |
| Form subdivision |
Periodicals. |
| 650 #6 - SUBJECT ADDED ENTRY--TOPICAL TERM |
| Topical term or geographic name as entry element |
Tests et mesures en éducation |
| Form subdivision |
Périodiques. |
| 650 17 - SUBJECT ADDED ENTRY--TOPICAL TERM |
| Topical term or geographic name as entry element |
Onderwijs. |
| Source of heading or term |
gtt |
| 650 17 - SUBJECT ADDED ENTRY--TOPICAL TERM |
| Topical term or geographic name as entry element |
Evaluatie. |
| Source of heading or term |
gtt |
| 650 17 - SUBJECT ADDED ENTRY--TOPICAL TERM |
| Topical term or geographic name as entry element |
Docimologie. |
| Source of heading or term |
rasuqam |
| 650 17 - SUBJECT ADDED ENTRY--TOPICAL TERM |
| Topical term or geographic name as entry element |
Test pédagogique. |
| Source of heading or term |
rasuqam |
| 650 #7 - SUBJECT ADDED ENTRY--TOPICAL TERM |
| Topical term or geographic name as entry element |
Educational tests and measurements. |
| Source of heading or term |
fast |
| Authority record control number |
(OCoLC)fst00903660 |
| 655 #7 - INDEX TERM--GENRE/FORM |
| Genre/form data or focus term |
Périodique électronique (Descripteur de forme) |
| Source of term |
rasuqam |
| 655 #7 - INDEX TERM--GENRE/FORM |
| Genre/form data or focus term |
Ressource Internet (Descripteur de forme) |
| Source of term |
rasuqam |
| 655 #7 - INDEX TERM--GENRE/FORM |
| Genre/form data or focus term |
Periodicals. |
| Source of term |
fast |
| Authority record control number |
(OCoLC)fst01411641 |
| 710 2# - ADDED ENTRY--CORPORATE NAME |
| Corporate name or jurisdiction name as entry element |
National Council on Measurement in Education. |
| 776 1# - ADDITIONAL PHYSICAL FORM ENTRY |
| Title |
Journal of educational measurement (Online) |
| International Standard Serial Number |
1745-3984 |
| Record control number |
(DLC) 2005237205 |
| -- |
(OCoLC)58648984 |
| 776 08 - ADDITIONAL PHYSICAL FORM ENTRY |
| Relationship information |
Online version: |
| Title |
Journal of educational measurement |
| Record control number |
(OCoLC)564111751 |
| 776 08 - ADDITIONAL PHYSICAL FORM ENTRY |
| Relationship information |
Online version: |
| Title |
Journal of educational measurement |
| Record control number |
(OCoLC)607707757 |
| 780 00 - PRECEDING ENTRY |
| Main entry heading |
National Council on Measurement in Education. |
| Title |
yearbook of the National Council on Measurement in Education |
| International Standard Serial Number |
2330-5657 |
| Record control number |
(DLC) 46040525 |
| -- |
(OCoLC)4457718 |
| 906 ## - LOCAL DATA ELEMENT F, LDF (RLIN) |
| a |
7 |
| b |
cbc |
| c |
serials |
| d |
3 |
| e |
ncip |
| f |
19 |
| g |
n-oclcserc |
| 942 ## - ADDED ENTRY ELEMENTS (KOHA) |
| Source of classification or shelving scheme |
|
| Koha item type |
Hard Covered Materials |
| Classification part |
LB 1131 .J68 1996 |